000 00600nam a2200181Ia 4500
003 GCL
008 140319s9999 xx 000 0 ara d
040 _aGCL /
_cGCL
082 0 4 _a810.8004
_bس ا
100 1 _aسامى عابدين
245 1 0 _aالاتجاهات الادبية فى قصر المأمون /
_cسامى عابدين
260 _a[S.N] :
_bدار العلوم العربية ،
_c1992
300 _a346 ص
490 _aالمنتديات الثقافية فى قصر المأمون
_v0
650 0 4 _aالادب العربى
650 0 4 _aالمجموعات
942 _2ddc
_cBK
999 _c56941
_d56941